| 000 | 00864cam a22002891 4500 | ||
|---|---|---|---|
| 001 | 8401 | ||
| 003 | BD-RjUL | ||
| 005 | 20211208234601.0 | ||
| 008 | 140118m19521938enka 001 0 eng | ||
| 035 | _a(BD-RjUL)8446 | ||
| 035 | _a(OCoLC)1202585 | ||
| 040 |
_aDLC _cGAT _dBD-RjUL _beng |
||
| 041 | _aeng | ||
| 082 |
_a530.72 _bCAA 1952 _223 |
||
| 100 | 1 |
_aCalthrop, John Edmund. _926125 |
|
| 245 | 1 | 0 |
_aAdvanced experiments in practical physics / _cby J. E. Calthrop, J. A. Pryde |
| 250 | _a2nd ed. | ||
| 260 |
_aLondon : _bW. Heinemann, _c1938 [reprint 1952]. |
||
| 300 |
_axvi, 142 p. : _bill. ; _c22 cm. |
||
| 500 | _aBlank pages for "Students' notes" ([2] at end) | ||
| 500 | _a"First published 1938." | ||
| 504 | _aIncludes index. | ||
| 650 | 0 |
_aPhysics _925722 _xexperiments |
|
| 700 | 1 |
_aPryde, J. A. _926154 |
|
| 942 |
_2ddc _cBK |
||
| 999 |
_c8401 _d8401 |
||